<?xml version="1.0" encoding="UTF-8"?>
<record
    xmlns:xsi="http://www.w3.org/2001/XMLSchema-instance"
    xsi:schemaLocation="http://www.loc.gov/MARC21/slim http://www.loc.gov/standards/marcxml/schema/MARC21slim.xsd"
    xmlns="http://www.loc.gov/MARC21/slim">

  <leader>01495nam a22002897a 4500</leader>
  <controlfield tag="001">4809</controlfield>
  <controlfield tag="003">FISKH</controlfield>
  <controlfield tag="005">20260213090259.0</controlfield>
  <controlfield tag="008">241014b        cb ||||| |||| 00| 0 eng d</controlfield>
  <datafield tag="020" ind1=" " ind2=" ">
    <subfield code="a">9780440863687</subfield>
  </datafield>
  <datafield tag="040" ind1=" " ind2=" ">
    <subfield code="a">FISKH</subfield>
    <subfield code="b">eng</subfield>
    <subfield code="c">FISKH</subfield>
    <subfield code="d">FISKH</subfield>
  </datafield>
  <datafield tag="050" ind1=" " ind2=" ">
    <subfield code="a">PZ7.W6957</subfield>
  </datafield>
  <datafield tag="082" ind1=" " ind2=" ">
    <subfield code="a">823.914</subfield>
  </datafield>
  <datafield tag="100" ind1=" " ind2=" ">
    <subfield code="a">Wilsom, Jacqueline </subfield>
  </datafield>
  <datafield tag="245" ind1=" " ind2=" ">
    <subfield code="a">The illustrated mum /</subfield>
    <subfield code="c">by Jacqueline Wilson : illustrated by Nick Sharratt </subfield>
  </datafield>
  <datafield tag="250" ind1=" " ind2=" ">
    <subfield code="a">First published in Great Britain by Doubleday in 1999</subfield>
  </datafield>
  <datafield tag="260" ind1=" " ind2=" ">
    <subfield code="a">London :</subfield>
    <subfield code="b">Corgi Yearling Publisher ,</subfield>
    <subfield code="c">1999 .</subfield>
  </datafield>
  <datafield tag="300" ind1=" " ind2=" ">
    <subfield code="a">222 pages : </subfield>
    <subfield code="b">illustrations ; </subfield>
    <subfield code="c">20 cm . </subfield>
  </datafield>
  <datafield tag="505" ind1=" " ind2=" ">
    <subfield code="a">S 
</subfield>
  </datafield>
  <datafield tag="520" ind1=" " ind2=" ">
    <subfield code="a">Juvenile Fiction. Juvenile Literature. Covered from head to toe with one-of-a-kind tattoos, Marigold is the brightest, most beautiful mother in the world. At least, that&#xFFFD;s what Dolphin thinks&#xFFFD;she just wishes Marigold wouldn&#xFFFD;t stay out quite so late or have mood spells every now and again. Dolphin&#xFFFD;s older sister, Star, loves Marigold too, but she&#xFFFD;s tired of looking after her. So when Star&#xFFFD;s dad shows up out of the blue and offers to let the girls stay with him, Star jumps at the opportunity. But Dolphin can&#xFFFD;t bear to leave Marigold alone. Now it&#xFFFD;s just the two of them, and Dolphin is about to be in over her head. . . .</subfield>
  </datafield>
  <datafield tag="521" ind1="8" ind2=" ">
    <subfield code="a">790 
</subfield>
    <subfield code="b">Lexile estimate 

</subfield>
  </datafield>
  <datafield tag="521" ind1="8" ind2=" ">
    <subfield code="a">S 
</subfield>
    <subfield code="b">Raz-plus 
</subfield>
  </datafield>
  <datafield tag="650" ind1=" " ind2=" ">
    <subfield code="a">family </subfield>
    <subfield code="v">fiction </subfield>
  </datafield>
  <datafield tag="700" ind1=" " ind2=" ">
    <subfield code="a">Sharratt, Nick </subfield>
    <subfield code="e">illustrator </subfield>
  </datafield>
  <datafield tag="942" ind1=" " ind2=" ">
    <subfield code="2">ddc</subfield>
    <subfield code="c">BK</subfield>
    <subfield code="n">0</subfield>
  </datafield>
  <datafield tag="999" ind1=" " ind2=" ">
    <subfield code="c">4809</subfield>
    <subfield code="d">4809</subfield>
  </datafield>
  <datafield tag="952" ind1=" " ind2=" ">
    <subfield code="0">0</subfield>
    <subfield code="1">0</subfield>
    <subfield code="2">ddc</subfield>
    <subfield code="4">0</subfield>
    <subfield code="7">0</subfield>
    <subfield code="8">FIC</subfield>
    <subfield code="a">002</subfield>
    <subfield code="b">002</subfield>
    <subfield code="c">SBS</subfield>
    <subfield code="d">2024-10-14</subfield>
    <subfield code="l">0</subfield>
    <subfield code="o">WIL 823.914 PZ7.W6957</subfield>
    <subfield code="p">FISO1053</subfield>
    <subfield code="r">2024-10-14 16:48:00</subfield>
    <subfield code="w">2024-10-14</subfield>
    <subfield code="y">BK</subfield>
  </datafield>
</record>
